Using cognitive learning principles to inform teacher decisions about curriculum and instruction /

Este articulo presenta una síntesis de cinco principios de aprendizaje cognitivos que subyacen al aprendizaje de los estudiantes, una argumentación de estos principios forman la base para una perspectiva del aprendizaje como desarrollo del conocimiento -un proceso que usa cinco tipos diferentes de p...

Full description

Bibliographic Details
Main Author: Arredondo, Daisy E.
Format: Analitica de revista
Language:Spanish
Published: Santiago, Chile Pontificia Universidad Católica de Chile 1994

MARC

LEADER 00000cab a2200000 a 4500
001 036206
003 UAHC_CL
005 20170803123949.0
008 030922s1994 cl f 000 spa
040 |a UAHC_CL  |c UAHC_CL  |d UAHC_CL 
100 1 |a Arredondo, Daisy E. 
245 1 0 |a Using cognitive learning principles to inform teacher decisions about curriculum and instruction /  |c Daisy E. Arredondo. 
260 |b Pontificia Universidad Católica de Chile  |c 1994  |a Santiago, Chile 
300 |a p. 29-42 
500 |a En: Pensamiento educativo, nû15, 1994. p. 29-42. ISSN 07171013. 
500 |a En: Pensamiento educativo, n°15, 1994. p. 29-42. ISSN 07171013. 
500 |a En: Pensamiento educativo, nç15, 1994. p. 29-42. ISSN 07171013. 
520 |a Este articulo presenta una síntesis de cinco principios de aprendizaje cognitivos que subyacen al aprendizaje de los estudiantes, una argumentación de estos principios forman la base para una perspectiva del aprendizaje como desarrollo del conocimiento -un proceso que usa cinco tipos diferentes de pensamiento-, y una descripción de las dimensiones del aprendizaje (Marzano y otros,1992), un marco conceptual instruccional y de planificación basado en estos cinco principios de aprendizaje cognitivos. Además, Arredondo argumenta que el uso del profesor de este marco puede mejorar el currículo y las decisiones instruccionales y en consecuencia, reestructurar la naturaleza misma de la experiencia escolar tanto elemental como secundaria. 
520 |a Este articulo presenta una síntesis de cinco principios de aprendizaje cognitivos que subyacen al aprendizaje de los estudiantes, una argumentación de estos principios forman la base para una perspectiva del aprendizaje como desarrollo del conocimiento -un proceso que usa cinco tipos diferentes de pensamiento-, y una descripción de las dimensiones del aprendizaje (Marzano y otros,1992), un marco conceptual instruccional y de planificación basado en estos cinco principios de aprendizaje cognitivos. Además, Arredondo argumenta que el uso del profesor de este marco puede mejorar el currículo y las decisiones instruccionales y en consecuencia, reestructurar la naturaleza misma de la experiencia escolar tanto elemental como secundaria. 
759 |a PP160 
773 0 |t Revista PRELAC  |w 041234 
900 |a PENSAMIENTO EDUCATIVO-15/94 
942 |c REVA 
952 |0 0  |1 0  |4 0  |6 PENSAMIENTO_EDUCATIVO15_94_000000000000000  |7 0  |8 General  |9 68927  |a BC  |b BC  |c General  |d 2017-08-03  |l 0  |o PENSAMIENTO EDUCATIVO-15/94  |p FICTICIO4763  |r 2019-01-08 00:00:00  |t 1  |w 2017-08-03  |y REVA 
999 |c 36206  |d 36206